000 00789nam a22002657a 4500
001 BR7303915
003 BR-BrBNA
005 20230928084009.0
007 ta
008 230509b bl.||||| |||| 00| 0 por d
040 _aBR-BrBNA
_bpor
_cBiblioteca Nacional de Agricultura
041 _a(Por)
072 _aF30
_b2480
_b/G514
090 _ 2480 BR7303915
100 1 _aValois, A.C.C.
110 1 _aInstituto de Pesquisas e Experimentacao Agropecuarias da Amazonia Ocidental, Manaus, AM (Brasil)
_96170
245 1 _aColecao de clones de seringueira [Hevea brasiliensis, Brasil]
260 3 _aManaus, AM (Brasil):
_c1970.
300 _a7 p.
650 _aSERINGUEIRA
650 _aCLONE
650 _aVARIEDADE RESISTENTE
909 _a202309
_bLucia
_c55
_dLucia Elande
942 _cBK
999 _c16221
_d16221